[Event "2022 Welsh Open "]
[Site "Cardiff"]
[Date "2022.04.18"]
[Round "7"]
[Board "2"]
[White "Williams, Stephen"]
[Black "Espinosa Delgado, Miguel"]
[Result "0-1"]
[WhiteElo "1570"]
[BlackElo "1878"]
[PlyCount "0"]
[EventDate "2022.04.15"]
[EventRounds "7"]
[EventCountry "WLS"]

1. d4 Nf6 2. c4 g6 3. Nc3 Bg7 4. e4 d6 5. Be2 O-O 6. Be3 Nbd7 7. h4 e5 8. d5 Nc5
9. f3 a5 10. Nh3 Bxh3 11. Rxh3 Nh5 12. g3 Qd7 13. Bf1 a4 14. Qd2 f5 15. Qg2 f4 16.
g4 Ng3 17. Bf2 Nxf1 18. Qxf1 h5 19. gxh5 Nd3+ 20. Qxd3 Qxh3 21. O-O-O Qg2 22. Qe2
gxh5 23. Rg1 Qh3 24. Qd1 Kh7 25. Rh1 Qg2 26. Rf1 a3 27. b3 Bf6 28. Qe2 Qh2 29. Kd2
Rg8 30. Ke1 Rg2 31. Nb5 Rc8 32. Nxa3 Rxf2 33. Rxf2 Bxh4 34. Nb5 Qg1+ 35. Qf1 Bxf2+
36. Ke2 Qxf1+ 37. Kxf1 Bb6  0-1

[Event "2022 Welsh Open "]
[Site "Cardiff"]
[Date "2022.04.18"]
[Round "7"]
[Board "3"]
[White "Havard, Gwyn"]
[Black "Jukes, Sam"]
[Result "0-1"]
[WhiteElo "1916"]
[BlackElo "1850"]
[PlyCount "0"]
[EventDate "2022.04.15"]
[EventRounds "7"]
[EventCountry "WLS"]

1. e4 c5 2. Nc3 Nc6 3. f4 g6 4. Nf3 Bg7 5. Bc4 e6 6. d3 Nge7 7. Be3 d5 8. exd5 exd5
9. Bb3 d4 10. Ne4 dxe3 11. O-O O-O 12. c3 b6 13. Qe2 Nf5 14. Rad1 Qe7 15. Bd5 Bb7
16. g4 Nd6 17. Qxe3 Nxe4 18. dxe4 Nd4 19. Bxb7 Nxf3+ 20. Rxf3 Qxb7 21. f5 Rad8 22.
Rdf1 Rfe8 23. fxg6 fxg6 24. Qg5 Qxe4 25. Rf7 Qe3+ 26. Qxe3 Rxe3 27. Rxa7 Re2 28.
Rb7 Rxb2 29. a4 Bxc3  0-1

[Event "2022 Welsh Open "]
[Site "Cardiff"]
[Date "2022.04.18"]
[Round "7"]
[Board "4"]
[White "Van Veelen, Thomas"]
[Black "Guy, David"]
[Result "1/2-1/2"]
[WhiteElo "1998"]
[BlackElo "1870"]
[PlyCount "0"]
[EventDate "2022.04.15"]
[EventRounds "7"]
[EventCountry "WLS"]

1. d4 d5 2. c4 e6 3. Nc3 Nf6 4. cxd5 exd5 5. Bg5 Be7 6. e3 Nbd7 7. Bd3 c6 8. Qc2
h6 9. Bf4 Nh5 10. Be5 Nxe5 11. dxe5 g5 12. O-O-O Be6 13. h3 Qa5 14. Kb1 O-O-O 15.
g4 Ng7 16. f4 gxf4 17. exf4 d4 18. f5 dxc3 19. fxe6 Nxe6 20. Qxc3 Qxc3 21. bxc3 Nf4
22. Bf5+ Kc7 23. Nf3 Ne2 24. Kc2 Ng3 25. Rxd8 Rxd8 26. Rg1 Ne2  1/2-1/2

[Event "2022 Welsh Open "]
[Site "Cardiff"]
[Date "2022.04.18"]
[Round "7"]
[Board "7"]
[White "Di-Vetta, Andrew"]
[Black "Smith, Chris P"]
[Result "1-0"]
[WhiteElo "1726"]
[BlackElo "1454"]
[PlyCount "0"]
[EventDate "2022.04.15"]
[EventRounds "7"]
[EventCountry "WLS"]

1. Nf3 f5 2. c4 Nf6 3. Nc3 g6 4. g3 Bg7 5. d3 O-O 6. Bg2 d6 7. O-O c6 8. Qc2 e5 9.
Bg5 Be6 10. Rfd1 Qb6 11. Qb3 Nbd7 12. Be3 Qxb3 13. axb3 a6 14. Ng5 Rae8 15. Nxe6
Rxe6 16. Ra5 Ng4 17. Bc1 Nc5 18. Ra3 Ree8 19. h3 Nf6 20. b4 Ne6 21. e3 Rd8 22. Ra5
Nc7 23. b3 b6 24. Ra2 d5 25. Na4 dxc4 26. bxc4 b5 27. Nc5 bxc4 28. Bxc6 Rd6 29. Bf3
e4 30. dxe4 Rxd1+ 31. Bxd1 Nxe4 32. Be2 Nc3 33. Bxc4+ Kh8 34. Rd2 Rc8 35. Bb2 h6
36. Nxa6 Nxa6 37. Bxa6 Rb8 38. Rc2 Nd5 39. Bxg7+ Kxg7 40. b5 Nb4 41. Rc7+ Kg8 42.
Rc8+ Rxc8 43. Bxc8 Nd5 44. Be6+  1-0

[Event "2022 Welsh Open "]
[Site "Cardiff"]
[Date "2022.04.18"]
[Round "7"]
[Board "8"]
[White "Wu, Yuxuan"]
[Black "Thomas, Mark"]
[Result "1/2-1/2"]
[WhiteElo "1303"]
[BlackElo "1919"]
[PlyCount "0"]
[EventDate "2022.04.15"]
[EventRounds "7"]
[EventCountry "WLS"]

1. d4 g6 2. c4 Bg7 3. Nc3 d6 4. e4 e5 5. d5 Nd7 6. Bd3 Nc5 7. Bc2 a5 8. Be3 Nh6 9.
f3 f6 10. Nge2 Nf7 11. O-O O-O 12. a3 f5 13. b4 axb4 14. axb4 Rxa1 15. Qxa1 Na6 16.
Qa3 f4 17. Bf2 Qe7 18. Na4 g5 19. b5 Nb8 20. c5 g4 21. Kh1 gxf3 22. gxf3 Kh8 23.
b6 Bh3 24. Rg1 Bf6 25. bxc7 Qxc7 26. Bb1 Be7 27. cxd6 Bxd6 28. Bc5 Qe7 29. Nec3 Na6
30. Bxd6 Qxd6 31. Qxd6 Nxd6 32. Bd3 Nc7 33. Nb6 Nce8 34. Nb5 Rg8  1/2-1/2

[Event "2022 Welsh Open "]
[Site "Cardiff"]
[Date "2022.04.18"]
[Round "7"]
[Board "9"]
[White "Thomas, Roy"]
[Black "Dixon, Chris"]
[Result "1/2-1/2"]
[WhiteElo "1689"]
[BlackElo "1735"]
[PlyCount "0"]
[EventDate "2022.04.15"]
[EventRounds "7"]
[EventCountry "WLS"]

1. f4 d5 2. Nf3 g6 3. e3 Bg7 4. Be2 Nf6 5. O-O c5 6. d3 Nc6 7. Nc3 O-O 8. e4 dxe4
9. dxe4 Qxd1 10. Rxd1 Nb4 11. Rd2 h6 12. a3 Nc6 13. Rd1 Bg4 14. Be3 b6 15. h3 Bxf3
16. Bxf3 e5 17. Ne2 Rad8 18. c3 Rfe8 19. Ng3 Kh7 20. f5 Na5 21. Rxd8 Rxd8 22. Rd1
Rxd1+ 23. Bxd1 Nc4 24. Bc1 Nd6 25. Bc2 h5 26. h4 Bh6 27. Bxh6 Kxh6 28. fxg6 fxg6
29. b3 Nb5 30. c4 Nd4 31. Bd1 Kg7 32. b4 Nd7 33. Kf2 a5 34. bxa5 bxa5 35. Nf1 Nb6
36. Ne3 Kf7 37. Nc2 Nxc2 38. Bxc2 Kf6 39. Bd3 g5 40. hxg5+ Kxg5 41. Kg3   1/2-1/2

[Event "2022 Welsh Open "]
[Site "Cardiff"]
[Date "2022.04.18"]
[Round "7"]
[Board "10"]
[White "Chong, Kimberly"]
[Black "Fowler, Caspian"]
[Result "0-1"]
[WhiteElo "1765"]
[BlackElo "1475"]
[PlyCount "0"]
[EventDate "2022.04.15"]
[EventRounds "7"]
[EventCountry "WLS"]

1. e4 e5 2. Nf3 Nc6 3. Bc4 Bc5 4. c3 Nf6 5. d3 a6 6. a4 Ba7 7. O-O d6 8. Nbd2 O-O
9. h3 h6 10. b4 Ne7 11. Re1 Ng6 12. Nf1 Be6 13. Qb3 Bxc4 14. Qxc4 Nh5 15. Be3 Ngf4
16. Bxa7 Rxa7 17. d4 Qf6 18. Kh2 b6 19. Ne3 Ne6 20. Nf5 Ng5 21. Re3 Re8 22. Nxg5
Qxg5 23. Rf3 Qg6 24. Rd1 exd4 25. Rxd4 Qe6 26. Qe2 Qe5+ 27. Ng3 Nxg3 28. fxg3 c5
29. Rd2 Qxe4 30. Qxe4 Rxe4 31. Rxd6 cxb4 32. Rxb6 bxc3 33. Rxc3 Rxa4 34. Rbb3 a5
35. Ra3 Rb4 36. Kg1 Kf8 37. Re3 f6 38. Kf2 Rb2+ 39. Re2 Rxe2+ 40. Kxe2 Ke7 41. Ra4
Kd6 42. Kd3 Kc5 43. Kc3 Kb5 44. Rd4 a4 45. Kb2 Re7 46. Rd2 Rc7 47. Rd8 Ra7 48. Ka3
Kc4 49. Rd6 Re7 50. Rc6+ Kb5 51. Rc3 Re2 52. g4 Rxg2 53. Rf3 Rc2 54. Rf5+ Rc5 55.
Rf3 Rd5 56. Rc3 h5 57. Rg3 hxg4 58. hxg4 g5 59. Rf3 Rd6 60. Rf5+ Kc4 61. Rf2 Rd3+
62. Kxa4 Rg3 63. Rxf6 Rxg4 64. Rg6 Rg1 65. Ka3 Kc3 66. Rc6 Kd3 67. Kb2 g4 68. Rd6+
Ke3 69. Kc2 g3 70. Re6+ Kf3 71. Rf6+ Kg2 72. Kd2 Rf1 73. Rg6 Kh2 74. Rh6 Kg1 75.
Ke2 g2 76. Rh5 Rf4 77. Rh7 Re4+ 78. Kd3 Re5 79. Kd2 Kf2 80. Rf7 Kg3 81. Rg7+ Kh3
82. Rh7+ Kg4 83. Rg7+ Rg5  0-1

[Event "2022 Welsh Open "]
[Site "Cardiff"]
[Date "2022.04.18"]
[Round "7"]
[Board "11"]
[White "Probert, Malcolm"]
[Black "Williams, Duncan"]
[Result "0-1"]
[WhiteElo "1575"]
[BlackElo "1725"]
[PlyCount "0"]
[EventDate "2022.04.15"]
[EventRounds "7"]
[EventCountry "WLS"]

1. Nf3 d5 2. d4 Bf5 3. g3 h6 4. Bg2 Nc6 5. c4 e6 6. a3 Be7 7. Qb3 Na5 8. Qa4+ c6
9. cxd5 exd5 10. Nbd2 b5 11. Qd1 Qb6 12. b4 Nc4 13. Nxc4 bxc4 14. O-O Nf6 15. Bb2
O-O 16. Nd2 a5 17. Bc3 axb4 18. axb4 Bxb4 19. Bxb4 Qxb4 20. Rxa8 Rxa8 21. f3 Ra2
22. Nb1 c3 23. Nxc3 Qxc3 24. e4 Qb2  0-1

[Event "2022 Welsh Open "]
[Site "Cardiff"]
[Date "2022.04.18"]
[Round "7"]
[Board "12"]
[White "McGhee, David"]
[Black "Peters, Chris"]
[Result "1-0"]
[WhiteElo "1529"]
[BlackElo "1662"]
[PlyCount "0"]
[EventDate "2022.04.15"]
[EventRounds "7"]
[EventCountry "WLS"]

1. e4 c5 2. c3 Nc6 3. d4 cxd4 4. cxd4 e6 5. d5 Bb4+ 6. Nc3 Ne5 7. dxe6 Bxc3+ 8. bxc3
fxe6 9. Qh5+ Ng6 10. Qb5 a6 11. Qb4 Qe7 12. Nf3 Nf6 13. Qxe7+ Nxe7 14. Bd3 Nc6 15.
Ba3 Ng4 16. Bd6 h6 17. e5 h5 18. h3 Nh6 19. Bg6+ Kd8 20. Ng5 Ne7 21. Bxh5 g6 22.
Bf3 Nef5 23. O-O Nxd6 24. exd6 Rf8 25. Rab1 Nf7 26. Nxf7+ Rxf7 27. Rb4 Ke8 28. Rfb1
Rb8 29. Bxb7 Kf8 30. Be4 Ke8  1-0

[Event "2022 Welsh Open "]
[Site "Cardiff"]
[Date "2022.04.18"]
[Round "7"]
[Board "13"]
[White "Binesmael, Mohamed"]
[Black "Chung, Ethan Cheung Jing"]
[Result "1-0"]
[WhiteElo "1642"]
[BlackElo "1554"]
[PlyCount "0"]
[EventDate "2022.04.15"]
[EventRounds "7"]
[EventCountry "WLS"]

1. e4 d5 2. exd5 Nf6 3. c4 c6 4. d4 cxd5 5. c5 Nc6 6. Bb5 Bf5 7. Nf3 Bxb1 8. Rxb1
Qa5+ 9. Bd2 Qxb5 10. a4 Qd3 11. Be3 Qxd1+ 12. Rxd1 O-O-O 13. O-O Nd7 14. Ng5 Rg8
15. Nxf7 Re8 16. Bf4 Nd8 17. Ng5 h6 18. Nf3 g5 19. Bg3 Bg7 20. Rfe1 e6 21. b4 Nf7
22. b5 g4 23. Nh4 Bf6 24. a5 Bxh4 25. Bxh4 e5 26. Rc1 exd4 27. Red1 Rg6 28. Rxd4
Rge6 29. Kf1 Re4 30. Rxd5 R8e5 31. Rxe5 Rxe5 32. c6 bxc6 33. Rxc6+ Kb7 34. a6+ Ka8
35. Rc8+ Nb8 36. b6 axb6 37. Bg3 Ka7 38. Bxe5 Nxe5 39. Rh8 Kxa6 40. Rxb8 b5 41. Ke2
Ka5 42. Rh8  1-0

[Event "2022 Welsh Open "]
[Site "Cardiff"]
[Date "2022.04.18"]
[Round "7"]
[Board "14"]
[White "Cox, John"]
[Black "Parri, Deio"]
[Result "1/2-1/2"]
[WhiteElo "1431"]
[BlackElo "1635"]
[PlyCount "44"]
[EventDate "2022.04.15"]
[EventRounds "7"]
[EventCountry "WLS"]

1. e4 e6 2. d4 d5 3. exd5 exd5 4. Nf3 Nf6 5. Nc3 Be7 6. Be2 O-O 7. O-O Bg4 8. Re1
Re8 9. Bf4 c6 10. h3 Bh5 11. Ne5 Bxe2 12. Rxe2 Nbd7 13. Nxd7 Qxd7 14. Qd2 Bb4 15.
a3 Rxe2 16. Qxe2 Re8 17. Qd3 Ba5 18. b4 Bc7 19. Bxc7 Qxc7 20. Qd2 h6 21. Re1 Qd7
22. Rxe8+ Qxe8  1/2-1/2

[Event "2022 Welsh Open "]
[Site "Cardiff"]
[Date "2022.04.18"]
[Round "7"]
[Board "15"]
[White "Emblem, Mark"]
[Black "Morgans, Justin"]
[Result "1/2-1/2"]
[WhiteElo "1428"]
[BlackElo "1618"]
[PlyCount "31"]
[EventDate "2022.04.15"]
[EventRounds "7"]
[EventCountry "WLS"]

1. Nf3 d5 2. d4 Nf6 3. Bf4 e6 4. e3 Bd6 5. Bg3 O-O 6. Bd3 b6 7. O-O Bb7 8. Nbd2 Nbd7
9. Ne5 Ne4 10. Nxe4 dxe4 11. Be2 Qe7 12. f4 exf3 13. Bxf3 Bxf3 14. Qxf3 Nxe5 15.
dxe5 Bc5 16. Bf2  1/2-1/2

[Event "2022 Welsh Open "]
[Site "Cardiff"]
[Date "2022.04.18"]
[Round "7"]
[Board "17"]
[White "Hollyman, Mike"]
[Black "Jones, Jeremy"]
[Result "0-1"]
[WhiteElo "1329"]
[BlackElo "1580"]
[PlyCount "56"]
[EventDate "2022.04.15"]
[EventRounds "7"]
[EventCountry "WLS"]

1. c4 e5 2. Nc3 d6 3. g3 Nf6 4. Bg2 Nc6 5. e4 Be6 6. d3 Nd4 7. Nge2 Nxe2 8. Nxe2
Be7 9. O-O O-O 10. f4 exf4 11. Nxf4 Bg4 12. Bf3 Bxf3 13. Qxf3 c6 14. g4 d5 15. g5
dxe4 16. dxe4 Bc5+ 17. Kg2 Nd7 18. h4 Ne5 19. Qe2 Qd4 20. Rd1 Qxc4 21. b3 Qxe2+ 22.
Nxe2 Rad8 23. Rh1 Nd3 24. Bd2 Rfe8 25. Rh3 Rxe4 26. Nc3 Re6 27. Rd1 Nb2 28. Be3 Nxd1
 0-1

[Event "2022 Welsh Open "]
[Site "Cardiff"]
[Date "2022.04.18"]
[Round "7"]
[Board "18"]
[White "Harding, Gareth"]
[Black "Pugh, Noah"]
[Result "1/2-1/2"]
[WhiteElo "1829"]
[BlackElo "1450"]
[PlyCount "71"]
[EventDate "2022.04.15"]
[EventRounds "7"]
[EventCountry "WLS"]

1. d4 Nf6 2. Nc3 d5 3. Bf4 a6 4. e3 e6 5. a3 c5 6. dxc5 Bxc5 7. Nf3 Nc6 8. Bd3 Bd6
9. Bxd6 Qxd6 10. Qe2 e5 11. Rd1 Bg4 12. h3 Bxf3 13. gxf3 Ne7 14. Qd2 Qc6 15. h4 h5
16. Rg1 g6 17. Rg5 e4 18. Be2 O-O 19. Qd4 Nf5 20. Qe5 Nxh4 21. Qg3 Nxf3+ 22. Bxf3
exf3 23. Qxf3 Ne4 24. Nxe4 dxe4 25. Qxh5 Kg7 26. Qg4 Qxc2 27. Qe2 Qxe2+ 28. Kxe2
f5 29. Rd7+ Kf6 30. Rg1 Rf7 31. Rd6+ Ke5 32. Rgxg6 Re8 33. Rb6 Rd7 34. Rh6 Ree7 35.
f3 exf3+ 36. Kxf3  1/2-1/2

[Event "2022 Welsh Open "]
[Site "Cardiff"]
[Date "2022.04.18"]
[Round "7"]
[Board "20"]
[White "Swamy, Anshul"]
[Black "Larg, Richard"]
[Result "1-0"]
[WhiteElo "1359"]
[BlackElo "1645"]
[PlyCount "53"]
[EventDate "2022.04.15"]
[EventRounds "7"]
[EventCountry "WLS"]

1. e4 e5 2. Nf3 d6 3. Nc3 Nf6 4. Bc4 Nc6 5. Ng5 Bg4 6. f3 Bh5 7. a3 h6 8. Nh3 g5
9. g4 Bg6 10. d3 Bg7 11. Be3 Ne7 12. Qd2 c6 13. d4 O-O 14. O-O-O Qc7 15. Nf2 Rad8
16. h4 d5 17. hxg5 hxg5 18. exd5 Nfxd5 19. Bxg5 Nxc3 20. bxc3 exd4 21. Bh6 dxc3 22.
Qe3 Qa5 23. Qxe7 Bxh6+ 24. Rxh6 Qb6 25. Bb3 Bxc2 26. Qg5+ Bg6 27. Rxg6+  1-0

[Event "2022 Welsh Open "]
[Site "Cardiff"]
[Date "2022.04.18"]
[Round "7"]
[Board "21"]
[White "Sipho, Donovan"]
[Black "Owen, Bob"]
[Result "1-0"]
[WhiteElo "1638"]
[BlackElo "1320"]
[PlyCount "65"]
[EventDate "2022.04.15"]
[EventRounds "7"]
[EventCountry "WLS"]

1. c4 Nf6 2. Nc3 b6 3. d4 Bb7 4. d5 d6 5. e4 Nbd7 6. Bf4 e5 7. Bg5 Be7 8. Qc2 h6
9. Be3 c6 10. Nf3 Nh7 11. Qd2 Bg5 12. Nxg5 Nxg5 13. h4 Nh7 14. g4 Qe7 15. Be2 O-O-O
16. dxc6 Bxc6 17. Nd5 Bxd5 18. cxd5 Kb8 19. b4 Nhf6 20. f3 Ne8 21. Bb5 Nc7 22. Bc6
Qf6 23. Ke2 Qe7 24. a4 g6 25. a5 b5 26. Bxa7+ Kxa7 27. Qe3+ Nc5 28. Rac1 N7a6 29.
bxc5 dxc5 30. Bxb5 Nc7 31. Rxc5 Kb8 32. Bc6 Na6 33. Qb3+  1-0

[Event "2022 Welsh Open "]
[Site "Cardiff"]
[Date "2022.04.18"]
[Round "7"]
[Board "22"]
[White "Kong, Emma Zihan"]
[Black "Norris, David"]
[Result "1-0"]
[WhiteElo "1152"]
[BlackElo "1554"]
[PlyCount "85"]
[EventDate "2022.04.15"]
[EventRounds "7"]
[EventCountry "WLS"]

1. d4 Nf6 2. c4 e6 3. Nc3 Bb4 4. Bg5 c5 5. d5 exd5 6. cxd5 d6 7. a3 Bxc3+ 8. bxc3
Nbd7 9. Qc2 Qa5 10. Bd2 c4 11. e4 b5 12. f3 O-O 13. Ne2 Re8 14. Nd4 Bb7 15. Be2 Nc5
16. O-O Qb6 17. Kh1 Nb3 18. Nxb3 cxb3 19. Qxb3 Bxd5 20. Qxb5 Qxb5 21. Bxb5 Reb8 22.
c4 a6 23. cxd5 Rxb5 24. Bf4 Ne8 25. Rab1 Rab8 26. Rxb5 Rxb5 27. Rc1 Rb3 28. Kg1 Rxa3
29. Rc8 Ra1+ 30. Kf2 f5 31. Rxe8+ Kf7 32. Rc8 fxe4 33. fxe4 a5 34. Bxd6 a4 35. Rc3
Rb1 36. Rc7+ Kf6 37. e5+ Kf5 38. Rxg7 Rb5 39. Rxh7 Rxd5 40. Rh5+ Kg4 41. Rh8 Rd3
42. Ra8 Kf4 43. Rxa4+  1-0

[Event "2022 Welsh Open "]
[Site "Cardiff"]
[Date "2022.04.18"]
[Round "7"]
[Board "23"]
[White "Sud, Arnav"]
[Black "Frame, Rob"]
[Result "1-0"]
[WhiteElo "1425"]
[BlackElo "1008"]
[PlyCount "91"]
[EventDate "2022.04.15"]
[EventRounds "7"]
[EventCountry "WLS"]

1. e4 e6 2. d4 d5 3. e5 c5 4. f4 Qb6 5. Bd3 cxd4 6. Nf3 Nc6 7. a3 a5 8. O-O Bc5 9.
Nbd2 Qa7 10. Nb3 b6 11. Bd2 Nge7 12. g4 Ba6 13. f5 exf5 14. e6 f6 15. Nh4 Ne5 16.
Qe2 fxg4 17. Nf5 Nxf5 18. Rxf5 Nf3+ 19. Rxf3 gxf3 20. Qxf3 Bxd3 21. cxd3 Rd8 22.
Nxc5 bxc5 23. Qh5+ g6 24. Qf3 Qe7 25. Bxa5 Rd6 26. Rc1 Rxe6 27. Qxd5 Re2 28. Qf3
Qe3+ 29. Qxe3+ dxe3 30. Rxc5 O-O 31. Bc3 Re8 32. Bxf6 Rd2 33. Re5 Rxe5 34. Bxe5 Rxd3
35. Kf1 Rd2 36. a4 Kf7 37. h4 Ke6 38. Bc3 Rh2 39. b4 Rxh4 40. Ke2 Kd6 41. Be1 Rf4
42. Bg3 g5 43. Kxe3 Ke5 44. a5 h5 45. a6 h4 46. Bxf4+  1-0

[Event "2022 Welsh Open "]
[Site "Cardiff"]
[Date "2022.04.18"]
[Round "7"]
[Board "26"]
[White "Fowler, Tansy"]
[Black "Beeston, Darson"]
[Result "0-1"]
[WhiteElo "1264"]
[BlackElo "1100"]
[PlyCount "50"]
[EventDate "2022.04.15"]
[EventRounds "7"]
[EventCountry "WLS"]

1. e4 c6 2. d4 d5 3. Nc3 e6 4. exd5 exd5 5. Nf3 Bd6 6. Be2 Nf6 7. h3 Bf5 8. Bg5 O-O
9. O-O Nbd7 10. Re1 Qb6 11. Bd3 Bxd3 12. Qxd3 Rae8 13. Rxe8 Rxe8 14. Bxf6 Nxf6 15.
Re1 Rxe1+ 16. Nxe1 Qxb2 17. Qf5 Qxc3 18. Qc8+ Bf8 19. Kf1 Qxd4 20. Qxb7 Ne4 21. Nd3
Qa1+ 22. Ke2 Qxa2 23. Qxc6 a5 24. Ne5 Qb2 25. Qxd5 Nc3+  0-1